Geografía redpúblia argentina /
Guardado en:
| Autor Principal: | |
|---|---|
| Formato: | Libro |
| Publicado: |
Buenos Aires :
Sm,
2014
|
| Series: | Proyecto Nodos
|
| Materias: | |
| Etiquetas: |
Agregar Etiqueta
Sin Etiquetas, Sea el primero en etiquetar este registro!
|
| LEADER | 01152nam a22002055a 4500 | ||
|---|---|---|---|
| 001 | CEM.cems014562 | ||
| 005 | 20150330175555.0 | ||
| 008 | 130507s2014##################000#0#####d | ||
| 003 | CEMS | ||
| 020 | |a 9789877310498 | ||
| 082 | 0 | 4 | |a 918.2 |
| 100 | 1 | |a Delfini, Catalina P. | |
| 245 | 1 | 0 | |a Geografía redpúblia argentina / |c Catalina P. Delfini ... y Otros |
| 260 | |a Buenos Aires : |b Sm, |c 2014 | ||
| 300 | |a 288 p. | ||
| 490 | 0 | |a Proyecto Nodos | |
| 505 | 0 | |a La organización territorial de la República Argentina -- Organización económica del territorio -- Crisis y cambio de modelo -- Globalización y territorio -- Formación del relieve y sistema hidrográfico -- Tipos climáticos y biodiversidad -- Construcción de ambientes -- Aprovechamiento de recursos -- La problemática ambiental -- La agricultura y la ganadería argentinas -- Las redes productivas nacionales -- Los recursos estratégicos -- Industria, comercio y servicios -- La población Argentina -- El sistema urbano argentino -- Desarrollo y condiciones de vida | |
| 653 | |a Geografía | ||
| 653 | |a Geografía argentina | ||
| 859 | |a CEMS |b BIB. CEMS - 11 de abril |h 918.2 |i D379 |p 27136.15 |t Ej.1 | ||
